[Event "Titled Tue 10th Jun Early"]
[Site "chess.com INT"]
[Date "2025.06.10"]
[Round "1"]
[White "Matyakubov, Miraziz"]
[Black "Kazakov, Mikhail"]
[Result "0-1"]
[WhiteTitle "CM"]
[BlackTitle "GM"]
[WhiteElo "2278"]
[BlackElo "2513"]
[WhiteFideId "14215772"]
[BlackFideId "14102749"]
[EventDate "2025.06.10"]

1. e4 e5 2. Nf3 Nc6 3. Bb5 a6 4. Bxc6 dxc6 5. O-O Qd6 6. d4 exd4 7. Nxd4 c5 8.
Nb3 Qxd1 9. Rxd1 Bd7 10. Bf4 O-O-O 11. Nc3 Nf6 12. e5 Ng8 13. Ne4 b6 14. Ng5 Nh6
15. a4 Be7 16. a5 Kb7 17. axb6 cxb6 18. Ne4 Nf5 19. Bg5 Bxg5 20. Nxg5 Be6 21.
Nxe6 fxe6 22. Nd2 Rd5 23. Nf3 Rhd8 24. Re1 h6 25. c3 b5 26. g3 Ne7 27. Kg2 Nc6
28. Re4 Rf8 29. Rae1 Rd3 30. R1e3 Rxe3 31. Rxe3 a5 32. h4 a4 33. Nd2 Kb6 34. f4
Rd8 35. Ne4 Rd1 36. Re2 b4 37. Nd6 Rc1 38. cxb4 cxb4 39. g4 Nd4 40. Rd2 Rc2 41.
Rxc2 Nxc2 42. f5 exf5 43. gxf5 Kc6 44. Nc4 Kd5 45. e6 Kc6 46. Nb6 Ne3+ 47. Kf3
Nxf5 48. Nxa4 Nxh4+ 49. Kg4 Ng6 50. Kf5 Ne7+ 51. Ke5 Kb5 52. b3 h5 53. Nb2 h4
54. Nc4 h3 55. Nd6+ Kb6 56. Ne4 h2 57. Ng3 Kc5 58. Ne4+ Kc6 59. Ng3 Kc5 60. Ne4+
Kb6 61. Ng3 Kc7 62. Kd4 Nf5+ 63. Kc4 Nxg3 64. e7 Kd7 65. Kxb4 Ke8 66. Kc5 h1=Q
67. b4 Qg1+ 68. Kb5 Qc1 69. Ka6 Qc2 70. b5 Qc4 71. Kb6 Ne4 72. Ka6 Qxb5+ 73. Ka7
Kxe7 74. Ka8 Kf6 75. Ka7 Ke6 76. Ka8 Kd6 77. Ka7 Kc7 78. Ka8 Qb7# 0-1

[Event "Titled Tue 10th Jun Early"]
[Site "chess.com INT"]
[Date "2025.06.10"]
[Round "1"]
[White "Mordechai, Hanan"]
[Black "Deac, Bogdan-Daniel"]
[Result "0-1"]
[WhiteTitle "FM"]
[BlackTitle "GM"]
[WhiteElo "2311"]
[BlackElo "2674"]
[WhiteFideId "2804166"]
[BlackFideId "1226380"]
[EventDate "2025.06.10"]

1. Nf3 c5 2. c4 b6 3. g3 Bb7 4. Bg2 g6 5. O-O Bg7 6. Nc3 Nf6 7. d4 cxd4 8. Nxd4
Bxg2 9. Kxg2 Qc8 10. Qd3 d6 11. e4 Nbd7 12. f4 Nc5 13. Qe3 Qb7 14. Re1 Nfxe4 15.
Nxe4 f5 16. Kg1 Qxe4 17. Qxe4 Nxe4 18. Ne6 Kf7 19. Nxg7 Kxg7 20. b3 Kf7 21. Bb2
a6 22. Rad1 b5 23. Rc1 Rhc8 24. Kg2 bxc4 25. bxc4 Rc6 26. Rc2 Rac8 27. Rec1 d5
28. c5 Rxc5 29. Rxc5 Rxc5 30. Rxc5 Nxc5 31. Kf3 Ke6 32. Ke3 Kd7 33. Kd4 Kc6 34.
Ba3 Ne6+ 35. Ke5 Nc5 36. Kd4 Ne4 37. Bxe7 Nf2 38. Ba3 Ng4 39. h3 Nf2 40. Ke5
Nxh3 41. Kf6 Kd7 42. Bc5 Kc6 43. Bd4 Kb5 44. Ke5 Kc4 45. Ba7 a5 46. a4 Kb4 47.
Kxd5 Kxa4 48. Kc4 Ka3 49. Kc3 Ka2 50. Be3 Kb1 51. Kb3 a4+ 52. Kxa4 Kc2 53. Kb5
Kd3 54. Ba7 Ke2 55. Kc6 Kf3 56. Kd5 Kxg3 57. Bb8 Kg4 58. Kd4 Nxf4 59. Ke3 Nh5
60. Ke2 f4 61. Kf1 g5 62. Kg1 Ng3 63. Ba7 Nf5 64. Bb8 h5 65. Kf1 Kf3 66. Kg1 Ne3
67. Kh1 g4 68. Bc7 g3 69. Bb6 h4 70. Bc7 h3 71. Bd6 Nf5 72. Bc5 Kg4 73. Kg1 Nh4
74. Kh1 Nf3 75. Bf2 g2# 0-1

[Event "Titled Tue 10th Jun Early"]
[Site "chess.com INT"]
[Date "2025.06.10"]
[Round "1"]
[White "Girones Barrios, Yans Richard"]
[Black "Dubnevych, Maksym"]
[Result "1-0"]
[WhiteTitle "FM"]
[BlackTitle "FM"]
[WhiteElo "2385"]
[BlackElo "2296"]
[WhiteFideId "3506142"]
[BlackFideId "14184001"]
[EventDate "2025.06.10"]

1. d4 Nf6 2. c4 e6 3. Nc3 d5 4. cxd5 exd5 5. Bg5 Be7 6. e3 O-O 7. Bd3 h6 8. Bh4
Re8 9. Nf3 c6 10. Qc2 Ne4 11. Bxe7 Qxe7 12. O-O Nd7 13. Rae1 b6 14. Nd2 Ndf6 15.
f3 Nxd2 16. Qxd2 c5 17. e4 cxd4 18. Nxd5 Qd8 19. Bc4 Be6 20. Qxd4 Nd7 21. Rc1
Rc8 22. Ba6 Rxc1 23. Rxc1 Nc5 24. Bb5 Rf8 25. b4 Nb7 26. Rd1 Qg5 27. Qe3 Qe5 28.
Bc6 Nd8 29. b5 Qb2 30. Qd2 Qa3 31. Kh1 a6 32. h3 axb5 33. Bxb5 Qc5 34. a4 Nb7
35. Rc1 Qa3 36. Rc3 Qa1+ 37. Qc1 Qa2 38. Qc2 Qa1+ 39. Qc1 Qa2 40. Qc2 Bxd5 41.
exd5 Qxd5 42. Bc6 Qe5 43. Bxb7 Qe1+ 44. Kh2 Qe5+ 45. g3 b5 46. axb5 Qxb5 47. Be4
f5 48. Bd3 Qe5 49. Rc8 g6 50. Qc4+ Kg7 51. Rxf8 Kxf8 52. f4 Qb2+ 53. Qc2 Qd4 54.
Qe2 h5 55. h4 Kf7 56. Bc2 Qc5 57. Bb3+ Kf8 58. Qc2 Qb6 59. Qb2 Ke7 60. Qg7+ Kd8
61. Qf8+ Kc7 62. Qe7+ Kb8 63. Qe8+ Ka7 64. Qa4+ Kb8 65. Qa2 Qe3 66. Bd5 Kc7 67.
Qc4+ Kd6 68. Bg2 Qe7 69. Qc6# 1-0

[Event "Titled Tue 10th Jun Early"]
[Site "chess.com INT"]
[Date "2025.06.10"]
[Round "1"]
[White "Aswath, S"]
[Black "Fikiet, Alex"]
[Result "1-0"]
[WhiteTitle "IM"]
[WhiteElo "2507"]
[BlackElo "2151"]
[WhiteFideId "46694919"]
[BlackFideId "2052717"]
[EventDate "2025.06.10"]

1. b3 e5 2. Bb2 Nc6 3. e3 d5 4. Bb5 Ne7 5. Nf3 e4 6. Nd4 a6 7. Nxc6 Nxc6 8.
Bxc6+ bxc6 9. c4 Qg5 10. Kf1 Bd6 11. Nc3 O-O 12. Ne2 dxc4 13. bxc4 c5 14. Qc2
Re8 15. Ng3 Qg6 16. Rc1 Rb8 17. Ba1 h5 18. Ne2 h4 19. h3 Be6 20. Qc3 Rb4 21. Qa3
Bxc4 22. Bc3 Rbb8 23. Re1 Bd3 24. Kg1 Rb6 25. Nf4 Bxf4 26. exf4 Qf5 27. Be5 Rg6
28. Qxc5 f6 29. Bd6 Qxc5 30. Bxc5 f5 31. Kh2 Rc6 32. Rc1 Rb8 33. Bd4 Rxc1 34.
Rxc1 Rd8 35. Be5 Rd7 36. Rc6 Bb5 37. Rc2 Kf7 38. Rxc7 Rxc7 39. Bxc7 g6 40. Bd8
Ke6 41. Bxh4 a5 42. Bd8 a4 43. a3 Bc4 44. Ba5 Bd3 45. Bb4 Bc4 46. Kg3 Bd3 47.
Kh4 Kf7 48. Kg5 Bc4 49. g4 Be6 50. Bc3 Bc8 51. Kh6 Be6 52. Kg5 Bc8 53. Kh4 Be6
54. Kg3 Bc8 55. f3 exf3 56. Kxf3 Be6 57. Kg3 Bc8 58. Kh4 Be6 59. Kg5 Bc8 60. Be5
Be6 61. d4 fxg4 62. hxg4 Bd5 63. f5 gxf5 64. Kxf5 Bc6 65. Kg5 Bd5 66. Kh6 Be4
67. g5 Bf5 68. d5 Ke7 69. d6+ Kf7 70. Bf6 Ke6 71. Be7 Kf7 72. Bd8 Ke6 73. Bc7
Kf7 74. Ba5 Ke6 75. Bb4 Kf7 76. g6+ Bxg6 77. d7 1-0

[Event "Titled Tue 10th Jun Early"]
[Site "chess.com INT"]
[Date "2025.06.10"]
[Round "1"]
[White "Demchenko, Yaroslav"]
[Black "Ter-Sahakyan, Samvel"]
[Result "1/2-1/2"]
[WhiteTitle "CM"]
[BlackTitle "GM"]
[WhiteElo "2263"]
[BlackElo "2611"]
[WhiteFideId "14186667"]
[BlackFideId "13302531"]
[EventDate "2025.06.10"]

1. Nf3 d5 2. e3 c5 3. b3 a6 4. Bb2 Nc6 5. d4 Nf6 6. a3 cxd4 7. exd4 Bg4 8. Nbd2
e6 9. h3 Bh5 10. Bd3 Bd6 11. O-O O-O 12. Re1 Rc8 13. Rc1 Qe7 14. b4 Rfd8 15. Nf1
Bf4 16. Rb1 a5 17. b5 Nb8 18. Ng3 Bg6 19. Ne5 Nbd7 20. Qf3 Bxg3 21. Qxg3 Nb6 22.
Nxg6 hxg6 23. Bc1 Na4 24. Rb3 Nh5 25. Qg4 Nc3 26. Bg5 Nf6 27. Qg3 a4 28. Rb4 Qc7
29. Qh4 Qe7 30. Qg3 b6 31. h4 Nce4 32. Bxe4 dxe4 33. Rxe4 Qxb4 34. axb4 Nxe4 35.
Qa3 Nxg5 36. hxg5 Rxc2 37. Qxa4 Rc1+ 38. Kh2 Rxd4 39. Qa8+ Kh7 40. Qb8 Rxb4 41.
Qxb6 Rcb1 42. Qb7 Rxb5 43. Qxf7 Rxg5 44. Qxe6 Rh5+ 45. Kg3 Rb8 46. Qc4 Rf8 47.
f3 Rff5 48. Kf2 Rh6 49. g4 Rf8 50. Kg3 Rh1 51. Qd5 Re1 52. Qc6 Re3 53. Kf2 Re7
54. Kg3 Ref7 55. Kg2 Kh6 56. Qc1+ Kh7 57. Qc6 Rxf3 58. Qxf3 Rxf3 59. Kxf3 Kg8
60. Kg2 Kf7 61. Kf3 Ke6 62. Ke4 Kf6 63. Kf4 Ke6 64. Ke4 Kd6 65. Kd4 Kc6 66. Ke5
Kd7 67. Kd5 Ke7 68. Ke5 Kf7 69. Ke4 Kf6 70. Kf4 g5+ 71. Ke4 Ke6 72. Kd4 Kd6 73.
Ke4 g6 74. Kd4 Ke6 75. Ke4 Kd6 76. Kd4 Ke6 77. Ke4 Kd6 1/2-1/2

[Event "Titled Tue 10th Jun Early"]
[Site "chess.com INT"]
[Date "2025.06.10"]
[Round "1"]
[White "Emeliantsev, Anatoliy"]
[Black "Sathvik Adiga"]
[Result "1/2-1/2"]
[WhiteTitle "FM"]
[BlackTitle "IM"]
[WhiteElo "2359"]
[BlackElo "2341"]
[WhiteFideId "4160681"]
[BlackFideId "25745700"]
[EventDate "2025.06.10"]

1. d4 d5 2. c4 c6 3. Nc3 Nf6 4. Nf3 e6 5. Qd3 dxc4 6. Qxc4 b5 7. Qd3 Bb7 8. e4
Nbd7 9. e5 Nd5 10. Nxd5 cxd5 11. Qxb5 Rb8 12. Bd3 Ba8 13. Qa4 Bb4+ 14. Nd2 Bxd2+
15. Bxd2 Rxb2 16. Bb4 Qb6 17. Bb5 Bc6 18. Bxc6 Qxb4+ 19. Qxb4 Rxb4 20. Kd2 Rxd4+
21. Ke3 Re4+ 22. Kd3 Ke7 23. Bxd7 Kxd7 24. Rhe1 Rxe1 25. Rxe1 Rb8 26. Kc3 Rc8+
27. Kd3 Rc4 28. g3 Ra4 29. Re2 Kc6 30. Rc2+ Kb6 31. Rb2+ Ka6 32. Rc2 Rb4 33. f4
Rb7 34. Kd4 Ka5 35. Rc6 Kb5 36. Rc5+ Ka4 37. Rc6 Rb4+ 38. Kd3 Rb7 39. Kd4 a5 40.
Kc5 Ka3 41. Ra6 a4 42. Kc6 Rb2 43. Kd6 d4 44. Ke7 Rb7+ 45. Kf8 Rd7 46. Rd6 Ra7
47. Rxd4 Kxa2 48. Kxg7 h5 49. Kh6 a3 50. Kxh5 Kb3 51. Rd3+ Kc4 52. Rd1 a2 53.
Ra1 Kb3 54. Kg5 Kb2 55. Rxa2+ Rxa2 56. h4 Ra3 57. g4 Rh3 58. h5 Kc3 59. Kf6 Rg3
60. g5 Rf3 61. Kxf7 Rxf4+ 62. Kxe6 Rh4 63. h6 Kd4 64. Kf5 Rh5 65. Kg6 Rh1 66. h7
Kxe5 67. Kg7 Kf5 68. h8=Q Rxh8 69. Kxh8 Kxg5 1/2-1/2

[Event "Titled Tue 10th Jun Early"]
[Site "chess.com INT"]
[Date "2025.06.10"]
[Round "1"]
[White "Smieszek, Wojciech"]
[Black "Sanal, Vahap"]
[Result "0-1"]
[WhiteTitle "CM"]
[BlackTitle "GM"]
[WhiteElo "2141"]
[BlackElo "2564"]
[WhiteFideId "1156047"]
[BlackFideId "6300545"]
[EventDate "2025.06.10"]

1. e4 e5 2. Nf3 Nc6 3. Bb5 a6 4. Ba4 Nf6 5. Qe2 b5 6. Bb3 Be7 7. O-O O-O 8. c3
d6 9. Rd1 Na5 10. Bc2 c5 11. d4 Qc7 12. d5 Bg4 13. Bg5 h6 14. Bxf6 Bxf6 15. Nbd2
Be7 16. h3 Bd7 17. Nf1 Nc4 18. Rab1 Nb6 19. Ne3 g6 20. Qd2 Kg7 21. Nxe5 dxe5 22.
d6 Bxd6 23. Qxd6 Rac8 24. Qxc7 Rxc7 25. Rd6 Rb8 26. Rbd1 Be6 27. Bb3 c4 28. Bc2
Kf8 29. Rd8+ Rxd8 30. Rxd8+ Ke7 31. Rb8 Nd7 32. Ra8 Nc5 33. f3 Rd7 34. b3 Rd2
35. bxc4 Re2 36. cxb5 axb5 37. Ra7+ Kf6 38. Rc7 Na6 39. Rc6 Nb8 40. Rb6 Nd7 41.
Ng4+ Kg5 42. Rxe6 fxe6 43. Bb3 Nc5 44. g3 Nd7 45. h4+ Kh5 46. Kf1 Rd2 47. Bxe6
g5 48. Bxd7 gxh4 49. gxh4 Kxh4 50. Nf6 Kg5 51. Nh7+ Kf4 52. Bf5 Kxf3 53. Ke1
Rxa2 54. Nf6 Rc2 55. Nd5 h5 56. Kd1 Rf2 57. Nf6 h4 58. Ng4 Rg2 59. Nxe5+ Kf4 60.
Ng6+ Kg5 61. Nxh4 Kxh4 62. Bd7 Rb2 63. Kc1 Re2 64. Bc6 Kg5 65. Kd1 Re3 66. Kd2
Kf4 67. Bxb5 Rxe4 68. Kc2 Re5 69. c4 Ke4 70. Kc3 Rc5 71. Kb4 Kd4 72. Ba6 Re5 73.
Bb5 Re1 74. Ka5 Kc5 75. Ka6 Re7 76. Ka5 Ra7+ 77. Ba6 Ra8 78. Ka4 Rxa6+ 0-1

[Event "Titled Tue 10th Jun Early"]
[Site "chess.com INT"]
[Date "2025.06.10"]
[Round "1"]
[White "Mummana Venkata Ruthvik"]
[Black "Punin, Andrii"]
[Result "1/2-1/2"]
[WhiteTitle "CM"]
[BlackTitle "FM"]
[WhiteElo "2237"]
[BlackElo "2289"]
[WhiteFideId "25697307"]
[BlackFideId "14112639"]
[EventDate "2025.06.10"]

1. Nf3 Nf6 2. g3 c5 3. Bg2 Nc6 4. O-O e5 5. d3 d5 6. e4 dxe4 7. dxe4 Qxd1 8.
Rxd1 Bg4 9. Re1 Nd4 10. Nxd4 cxd4 11. c3 dxc3 12. Nxc3 Bb4 13. Bg5 Bxc3 14. bxc3
Nd7 15. h3 Be6 16. a4 f6 17. Be3 b6 18. Bf1 Ke7 19. a5 Nc5 20. axb6 axb6 21.
Bxc5+ bxc5 22. Kg2 Rhb8 23. Reb1 Rxa1 24. Rxa1 Rb7 25. Ra5 Kd6 26. Ra6+ Ke7 27.
Ra5 Kd6 28. Ra6+ Kd7 29. Ra5 c4 30. Ra4 Rc7 31. Kf3 g5 32. Ke3 Ke7 33. Rb4 h6
34. Ra4 Kf7 35. Rb4 Kg6 36. Kf3 h5 37. h4 gxh4 38. gxh4 f5 39. exf5+ Kxf5 40.
Bh3+ Kf6 41. Bxe6 Kxe6 42. Ke4 Rc6 43. Rb5 Kf6 44. Rxe5 Kg6 45. Rg5+ Kh6 46. f4
Rd6 47. Rd5 Re6+ 48. Kd4 Rg6 49. Rg5 Rc6 50. f5 Rc8 51. Rg6+ Kh7 52. Rg5 Kh6 53.
f6 Rf8 54. Rf5 Kg6 55. Rf4 Kf7 56. Kxc4 Rg8 57. Kd5 Rd8+ 58. Ke5 Rc8 59. c4 Rc5+
60. Kd6 Rc8 61. c5 Rd8+ 62. Kc7 Rg8 63. c6 Rg4 64. Rf1 Rxh4 65. Kc8 Rc4 66. c7
h4 67. Rd1 Kxf6 68. Kd7 Rxc7+ 69. Kxc7 Kf5 70. Kd6 h3 71. Rf1+ Kg4 72. Ke5 Kg3
73. Ke4 Kg2 74. Rf8 h2 75. Rg8+ Kf2 76. Rf8+ Kg2 77. Rg8+ Kf2 78. Rh8 Kg2 79.
Ke3 h1=Q 80. Rxh1 Kxh1 1/2-1/2

[Event "Titled Tue 10th Jun Early"]
[Site "chess.com INT"]
[Date "2025.06.10"]
[Round "1"]
[White "Mitrabha, Guha"]
[Black "Urbina Perez, Juan Antonio"]
[Result "1-0"]
[WhiteTitle "GM"]
[BlackTitle "FM"]
[WhiteElo "2515"]
[BlackElo "2221"]
[WhiteFideId "5057000"]
[BlackFideId "2217368"]
[EventDate "2025.06.10"]

1. d4 d5 2. Nf3 e6 3. Bf4 Nf6 4. e3 Bd6 5. Nbd2 O-O 6. Bd3 c5 7. c3 Qc7 8. Ne5
Nbd7 9. Ndf3 b6 10. Qc2 Bb7 11. Nxd7 Qxd7 12. O-O Bxf4 13. exf4 cxd4 14. Nxd4
Rfc8 15. Rfe1 a5 16. Re3 Ba6 17. Bxa6 Rxa6 18. Rae1 b5 19. f5 exf5 20. Nxf5 Re6
21. Rxe6 fxe6 22. Nd4 Re8 23. Re5 b4 24. f3 Qd6 25. Re1 e5 26. Nf5 Qc5+ 27. Qf2
Qxf2+ 28. Kxf2 bxc3 29. bxc3 e4 30. Rb1 g6 31. Nd6 Re6 32. Rb8+ Kg7 33. Rb7+ Kg8
34. Nb5 Rc6 35. Ke3 exf3 36. gxf3 Rc4 37. Kd3 Ra4 38. Rb8+ Kg7 39. Rb7+ Kg8 40.
a3 Rh4 41. Ra7 a4 42. Nd4 Rxh2 43. Rxa4 Nh5 44. Ne2 Rh3 45. Ke3 Ng7 46. Nd4 Rh1
47. Ra8+ Kf7 48. a4 Re1+ 49. Kd2 Ra1 50. a5 Nf5 51. Nb5 h5 52. a6 h4 53. a7 Kg7
54. Re8 h3 55. a8=Q Rxa8 56. Rxa8 h2 57. Ra1 Ng3 58. Nc7 h1=Q 59. Rxh1 Nxh1 60.
Nxd5 Kf7 61. Ke3 g5 62. c4 Ke6 63. Nc3 Ng3 64. Ne4 Nf5+ 65. Kd3 Nh4 66. Ke3 Kf5
67. c5 Ng6 68. c6 Ne7 69. c7 Nc8 70. Kd4 Kf4 71. Nd2 1-0

[Event "Titled Tue 10th Jun Early"]
[Site "chess.com INT"]
[Date "2025.06.10"]
[Round "1"]
[White "Titus, Andrew"]
[Black "Yang, Daniel"]
[Result "1/2-1/2"]
[BlackTitle "CM"]
[WhiteElo "2246"]
[BlackElo "2198"]
[WhiteFideId "2059770"]
[BlackFideId "30976340"]
[EventDate "2025.06.10"]

1. e4 e5 2. Nf3 Nc6 3. Bb5 a6 4. Ba4 Nf6 5. O-O Bc5 6. c3 b5 7. Bc2 d6 8. d4 Bb6
9. h3 O-O 10. a4 Rb8 11. Re1 h6 12. Be3 Re8 13. Nbd2 b4 14. Nf1 bxc3 15. bxc3
exd4 16. cxd4 d5 17. e5 Ne4 18. N1d2 Bf5 19. Qc1 Qd7 20. Nh4 Bh7 21. Nxe4 dxe4
22. a5 Bxd4 23. Ba4 Bxa1 24. Bxc6 Qe7 25. Qxa1 Qxh4 26. Bxe8 Rxe8 27. Qc3 Qe7
28. Bd4 c5 29. Bxc5 Qxe5 30. Bd4 Qg5 31. Qc6 Qd8 32. Bb6 Qc8 33. Qd6 Qe6 34. Qd4
Bg6 35. Rc1 Kh7 36. Rc7 Re7 37. Rc5 Rd7 38. Qe3 Rd1+ 39. Kh2 Qd6+ 40. Qg3 Qxg3+
41. Kxg3 Rd3+ 42. Kf4 Rd2 43. Rc7 e3 44. Bxe3 Ra2 45. Bb6 Kg8 46. Ke5 Bd3 47. h4
Re2+ 48. Kd6 Bb5 49. Rc8+ Kh7 50. Rc5 Rd2+ 51. Rd5 Rxd5+ 52. Kxd5 Kg6 53. g3 Kf6
54. Kd6 g6 55. Bd4+ Kf5 56. f3 h5 57. Kc5 g5 58. hxg5 Kxg5 59. Kb6 h4 60. Be3+
Kh5 61. g4+ Kg6 62. f4 h3 63. Bg1 Be2 64. Bh2 Bxg4 65. Kxa6 Be2+ 66. Kb6 Kf5 67.
a6 Kg4 68. a7 Bf3 69. Kc7 Be4 70. Kd6 Kf3 71. Ke5 Ba8 72. f5 Kg2 73. Bf4 h2 74.
Bxh2 Kxh2 75. Kf6 Bd5 76. Ke5 Ba8 77. Kd6 Kg3 78. f6 Kg4 79. Ke7 Bd5 80. Kd6 Ba8
81. Ke7 Bd5 82. Kf8 Kf5 83. a8=Q Bxa8 84. Kxf7 Bd5+ 85. Ke7 Kg6 86. Kd6 Bf7 87.
Ke7 Ba2 88. Ke8 Bb3 89. f7 Bxf7+ 1/2-1/2

[Event "Titled Tue 10th Jun Early"]
[Site "chess.com INT"]
[Date "2025.06.10"]
[Round "1"]
[White "Gnechko, Ruslan"]
[Black "Mahdavi, Reza"]
[Result "1/2-1/2"]
[BlackTitle "IM"]
[WhiteElo "2132"]
[BlackElo "2454"]
[WhiteFideId "14135868"]
[BlackFideId "12595926"]
[EventDate "2025.06.10"]

1. Nf3 Nf6 2. b3 c5 3. Bb2 g6 4. e3 Bg7 5. Be2 O-O 6. O-O Nc6 7. c4 d5 8. cxd5
Nxd5 9. Bxg7 Kxg7 10. Qc1 Qd6 11. Rd1 Rd8 12. d4 cxd4 13. Nxd4 Nxd4 14. Rxd4 Qf6
15. Nd2 Bf5 16. Nf3 Rac8 17. Qd2 Nc3 18. Bf1 Ne4 19. Qd1 e5 20. Rxd8 Rxd8 21.
Qe1 Bg4 22. Be2 b6 23. h3 Bxf3 24. Bxf3 Nc5 25. Rd1 Rxd1 26. Qxd1 e4 27. Be2 Qb2
28. Bc4 Qc3 29. g4 Nd3 30. Bd5 Qb2 31. Qf1 f5 32. gxf5 gxf5 33. Bc4 Ne5 34. Qg2+
Ng6 35. Qg5 Qa1+ 36. Kg2 Qf6 37. Qxf6+ Kxf6 38. Kg3 Kg5 39. f3 exf3 40. Kxf3
Ne5+ 41. Kg3 h6 42. Be2 Kf6 43. Kf4 Ng6+ 44. Kf3 Ke5 45. Bd3 Nf8 46. Bc4 Nd7 47.
b4 Nf6 48. a3 Ne4 49. Ke2 Ng5 50. h4 Ne4 51. Bd3 Nd6 52. Kf3 a5 53. bxa5 bxa5
54. Ba6 Ne4 55. Ke2 Nf6 56. Bb7 Ng8 57. Kd3 Nf6 58. Bf3 Nd5 59. Bg2 Ne7 60. Bf3
Ng6 61. h5 Ne7 62. Bg2 Nd5 63. Bf3 Nf6 64. Kc4 Ng4 65. Kd3 Nf2+ 66. Ke2 Ne4 67.
Kd3 Ng3 68. Kc4 a4 69. Bd1 Nf1 70. Kd3 Ng3 71. Bxa4 Nxh5 72. Bc6 Kd6 73. Bf3 Nf6
74. a4 Nd7 75. a5 Ne5+ 76. Ke2 Kc7 77. Bd5 h5 78. Kf2 h4 79. Kg2 Ng4 80. Kh3
Nxe3 81. Be6 f4 82. Kxh4 f3 83. Kg3 Nc2 84. Kxf3 Nd4+ 85. Ke4 Nxe6 86. Kd5 Nd8
87. Kc5 Kb7 88. a6+ Kxa6 1/2-1/2

[Event "Titled Tue 10th Jun Early"]
[Site "chess.com INT"]
[Date "2025.06.10"]
[Round "1"]
[White "Vakhlamov, Igor L."]
[Black "Alonso, Raphael V. P. Patricio"]
[Result "1/2-1/2"]
[WhiteTitle "FM"]
[WhiteElo "2413"]
[BlackElo "2130"]
[WhiteFideId "24126748"]
[BlackFideId "2108585"]
[EventDate "2025.06.10"]

1. e4 g6 2. d4 Bg7 3. Nf3 d6 4. Bc4 c6 5. O-O d5 6. exd5 cxd5 7. Bd3 Bg4 8. c3
Nc6 9. Nbd2 e6 10. h3 Bxf3 11. Nxf3 Nf6 12. Re1 O-O 13. a4 a6 14. Bf4 Rc8 15.
Qd2 Na5 16. Qe2 Ne8 17. Ne5 Nd6 18. g3 Ndc4 19. h4 Nxe5 20. Bxe5 Nc4 21. Bxc4
Rxc4 22. a5 h5 23. Qf3 b6 24. axb6 Qxb6 25. Bxg7 Kxg7 26. Ra2 a5 27. Rea1 a4 28.
Qe2 Rb8 29. Qe5+ Kg8 30. Qf6 Ra8 31. Kg2 Qb3 32. Qe7 Qc2 33. Qb7 Rf8 34. Qb5
Qe4+ 35. Kg1 g5 36. Rxa4 Rxa4 37. Rxa4 gxh4 38. Qf1 hxg3 39. fxg3 Qe3+ 40. Qf2
Qc1+ 41. Kh2 Rb8 42. Ra2 Qb1 43. b4 Qc1 44. Rc2 Qg5 45. Rb2 Kg7 46. b5 Rh8 47.
Qd2 Qf6 48. Qf2 Qe7 49. b6 h4 50. g4 Qd6+ 51. Kh3 Rb8 52. b7 Qc7 53. Qxh4 Qxc3+
54. Qg3 Qxg3+ 55. Kxg3 Kf6 56. Kf4 Ke7 57. Rb6 f6 58. g5 fxg5+ 59. Kxg5 Kd7 60.
Kf6 Kc7 61. Rb1 Rxb7 62. Rxb7+ Kxb7 63. Kxe6 Kc6 64. Ke5 Kc7 65. Ke6 Kc6 66. Ke7
Kc7 67. Kf6 Kd6 68. Kf5 Kd7 69. Kg5 Ke6 70. Kg6 Ke7 71. Kf5 Kf7 72. Ke5 Ke7 73.
Kxd5 Kd7 74. Ke5 Ke7 75. Kd5 Kd7 76. Kc4 Kc6 77. Kc3 Kd5 78. Kd3 Kd6 79. Ke3 Kd5
80. Kd3 Kd6 81. Ke4 Ke6 82. d5+ Kd6 83. Kd4 Kd7 84. Kc4 Kd6 85. Kd4 Kd7 86. Kc5
Kc7 87. d6+ Kd7 88. Kd5 Kd8 89. Kc6 Kc8 90. Kd5 Kd7 91. Ke5 Kd8 92. Kf6 Kd7 93.
Ke5 Kd8 94. Ke6 Ke8 95. d7+ Kd8 96. Kf7 Kxd7 1/2-1/2

[Event "Titled Tue 10th Jun Early"]
[Site "chess.com INT"]
[Date "2025.06.10"]
[Round "1"]
[White "Madi, Aidana"]
[Black "Ughuzov, Ravan"]
[Result "0-1"]
[WhiteTitle "WFM"]
[BlackTitle "FM"]
[WhiteElo "1899"]
[BlackElo "2295"]
[WhiteFideId "13722689"]
[BlackFideId "13419315"]
[EventDate "2025.06.10"]

1. e4 c6 2. d4 d5 3. e5 Bf5 4. h4 h5 5. Bd3 Bxd3 6. Qxd3 e6 7. Bg5 Qa5+ 8. Nd2
Qa6 9. c4 Nd7 10. Ngf3 Ne7 11. O-O Nf5 12. Rfc1 Bb4 13. a3 Bxd2 14. Nxd2 O-O 15.
b3 Rac8 16. Nf3 c5 17. Qd2 dxc4 18. bxc4 cxd4 19. Nxd4 Nxe5 20. Nxf5 exf5 21. c5
Rfe8 22. Qd1 Nd3 23. Rc3 Re1+ 24. Qxe1 Nxe1 25. Rxe1 Qa5 26. Rec1 Rc6 27. Be3
Qa4 28. g3 Qe4 29. Rc4 Qe6 30. Rb4 b6 31. Rbc4 bxc5 32. Bxc5 Kh7 33. R4c3 f4 34.
R1c2 fxg3 35. fxg3 Qh3 36. Rc1 Rxc5 37. Rxc5 Qxg3+ 38. Kf1 Qxh4 39. R1c4 Qh1+
40. Kf2 g6 41. Rc7 Qh2+ 42. Kf1 Kg7 43. Rxa7 Qh3+ 44. Kf2 Qf5+ 45. Ke3 Qe5+ 46.
Re4 Qc3+ 47. Kf2 Qc2+ 48. Kf3 Qd1+ 49. Re2 Qf1+ 50. Rf2 Qh1+ 51. Rg2 Qf1+ 52.
Rf2 Qd3+ 53. Kg2 Qe4+ 54. Kf1 Qc4+ 55. Kg2 g5 56. a4 Qg4+ 57. Kf1 Qd1+ 58. Kg2
Qd5+ 59. Kf1 h4 60. Rfxf7+ Kg6 61. Rg7+ Kh5 62. Rh7+ Kg4 63. Rhf7 Qd1+ 64. Kf2
Qd2+ 65. Kf1 Kg3 66. Rad7 Qc1+ 67. Ke2 Qc2+ 68. Rd2 Qc4+ 69. Rd3+ Kg4 70. Rf3
Qxa4 71. Rfe3 Qc2+ 72. Rd2 Qc4+ 73. Ke1 Qc1+ 74. Ke2 Qc4+ 75. Ke1 Kh5 76. Red3
Qe4+ 77. Kd1 Qh1+ 78. Kc2 Qc6+ 79. Kd1 Qe4 80. Kc2 h3 81. Kc3 g4 82. Rd5+ Kh4
83. Rd8 Qc6+ 84. Kb2 Qf6+ 85. Kc1 Qa1+ 86. Kc2 Kg3 87. R8d3+ Kh4 88. Rd8 Qa2+
89. Kd1 Qb1+ 90. Ke2 Qe4+ 91. Kd1 Qe5 92. R8d5 Qxd5 93. Rxd5 h2 94. Rd4 h1=Q+
95. Ke2 Qf3+ 96. Kd2 Qf2+ 97. Kd3 Qxd4+ 98. Kxd4 g3 99. Ke3 Kh3 100. Ke2 Kh2
101. Kf1 g2+ 0-1

[Event "Titled Tue 10th Jun Early"]
[Site "chess.com INT"]
[Date "2025.06.10"]
[Round "1"]
[White "Berikkyzy Alanna"]
[Black "Sethuraman, Roshan"]
[Result "1-0"]
[WhiteTitle "WFM"]
[WhiteElo "2080"]
[BlackElo "2074"]
[WhiteFideId "13780719"]
[BlackFideId "30965250"]
[EventDate "2025.06.10"]

1. e4 c5 2. Nf3 d6 3. d4 cxd4 4. Nxd4 Nf6 5. Nc3 a6 6. Bg5 Nbd7 7. f4 h6 8. Bh4
g5 9. fxg5 hxg5 10. Bxg5 Qc7 11. Qd2 b5 12. Bd3 Bb7 13. a3 Qc5 14. Nb3 Qb6 15.
Be3 Qc7 16. O-O-O Ng4 17. Kb1 Nxe3 18. Qxe3 Ne5 19. h4 Bh6 20. Qe2 O-O-O 21. g4
f6 22. Nd5 Bxd5 23. exd5 Nxd3 24. Qxd3 Rdg8 25. Qe4 Kb8 26. Nd4 Ka8 27. Ne6 Qc4
28. Rd4 Qc8 29. a4 Qb7 30. axb5 axb5 31. Rb4 Rc8 32. Qd3 Rc4 33. Rxc4 bxc4 34.
Qxc4 Rc8 35. Qd3 Rg8 36. g5 fxg5 37. hxg5 Bxg5 38. Rg1 Qa7 39. Rxg5 Rxg5 40.
Nxg5 Qg1+ 41. Ka2 Qxg5 42. Qa6+ Kb8 43. Qb6+ Kc8 44. Qc6+ Kd8 45. b4 Qd2 46. Kb3
Qe3+ 47. c3 Qc1 48. Qa8+ Kd7 49. Qb7+ Kd8 50. Qb8+ Kd7 51. Qb5+ Kd8 52. Qa5+ Kd7
53. Qa7+ Kd8 54. Qa2 Qd1+ 55. Kc4 Qf1+ 56. Kd4 Qf4+ 57. Kd3 Qf3+ 58. Kc2 Qg2+
59. Kb1 Qf1+ 60. Kb2 Qe2+ 61. Ka3 Qa6+ 62. Kb3 Qd3 63. Qg2 Qb1+ 64. Kc4 Qa1 65.
Qg8+ Kc7 66. Qe6 Qa6+ 67. Kd4 Qb6+ 68. Kd3 Qb5+ 69. c4 Qxb4 70. Qxe7+ Kb6 71.
Qd8+ Kb7 72. Qd7+ Kb8 73. Qe8+ Kc7 74. Qc6+ Kd8 75. Qa8+ Ke7 76. Qa7+ Kf6 77.
Qf2+ Ke7 78. Qe3+ Kd7 79. Qh3+ Kc7 80. Qh7+ Kb6 81. Qe4 Qb1+ 82. Ke3 Qe1+ 83.
Kf4 Qh4+ 84. Kf5 Qh7+ 85. Kf4 Qh6+ 86. Kf3 Qh5+ 87. Ke3 Qh3+ 88. Kd4 Qb3 89. Qd3
Qb2+ 90. Qc3 Qf2+ 91. Qe3 Qf6+ 92. Ke4+ Kc7 93. Qf4 Qe7+ 94. Kd4 Kb6 95. Qc1
Qe5+ 96. Kd3 Qg3+ 97. Kd4 Qf2+ 98. Kd3 Qf3+ 99. Qe3+ Qxe3+ 100. Kxe3 Ka5 101.
Kd3 Kb4 102. Kd4 Ka5 103. c5 Ka6 104. c6 Kb6 105. Ke4 Kc7 106. Kf5 1-0

[Event "Titled Tue 10th Jun Early"]
[Site "chess.com INT"]
[Date "2025.06.10"]
[Round "2"]
[White "Mendes Aaron Reeve"]
[Black "Kuzmin, Roman"]
[Result "0-1"]
[WhiteTitle "IM"]
[BlackTitle "FM"]
[WhiteElo "2335"]
[BlackElo "2203"]
[WhiteFideId "25954938"]
[BlackFideId "44134932"]
[EventDate "2025.06.10"]

1. h3 d5 2. d4 Nf6 3. Nf3 h6 4. b3 Bf5 5. e3 e6 6. c4 Nc6 7. Bb2 Nb4 8. Na3 c5
9. dxc5 Qa5 10. Qd2 O-O-O 11. Nd4 Ne4 12. Qd1 Nxa2+ 0-1